Základy francouzštiny pro ekonomy

Na minha lista:
Detalhes bibliográficos
Autor principal: Pravdová, Marie
Autor Corporativo: Vysoká škola ekonomická v Praze. Obchodní fakulta
Outros Autores: Velíšková, Olga
Formato: Livro
Idioma:tcheco
Publicado em: Praha Státní pedagogické nakladatelství 1990
Edição:1. vyd.
Tags: Adicionar Tag
Sem tags, seja o primeiro a adicionar uma tag!

MARC

LEADER 00000nam a2200000 4500
001 c029825
005 20221215121047.6
041 0 |a cze 
044 |a CZ 
245 1 0 |a Základy francouzštiny pro ekonomy  |c Marie Pravdová, Olga Velíšková 
250 |a 1. vyd. 
264 1 |a Praha  |b Státní pedagogické nakladatelství  |c 1990 
300 |a 357 s. 
100 1 |a Pravdová, Marie 
700 1 |a Velíšková, Olga 
710 2 |a Vysoká škola ekonomická v Praze. Obchodní fakulta